[Event "Pan American-ch School U17 12th"]
[Site "Callao"]
[Date "2023.10.21"]
[Round "9"]
[White "Zubieta Echalar, Eduardo"]
[Black "Castro Velasco, Carlos Andres"]
[Result "1-0"]
[WhiteElo "1545"]
[BlackElo "1463"]
[PlyCount "67"]
[EventDate "2023.10.16"]
[EventType "swiss"]
[EventRounds "9"]
[EventCountry "PER"]
[SourceTitle "Mega2024 Update 01"]
[Source "Chessbase"]
[SourceDate "2023.11.12"]
[SourceVersion "1"]
[SourceVersionDate "2023.11.12"]
[SourceQuality "1"]

1. e4 c5 2. Nf3 Nc6 3. d4 cxd4 4. Nxd4 g6 5. c4 Bg7 6. Be3 Nf6 7. Nc3 0-0 8. Be2 d6 9. 0-0 Bd7 10. Qd2 Ng4 11. Bxg4 Bxg4 12. f3 Bd7 13. Rad1 a5 14. b3 Ne5 15. h3 a4 16. f4 Nc6 17. f5 Na5 18. Nd5 Bc6 19. f6 exf6 20. Nxc6 Nxc6 21. Bb6 Qc8 22. Bd4 Qd8 23. Bxf6 Bxf6 24. Nxf6+ Kg7 25. Qc3 Ne5 26. Rd5 axb3 27. axb3 Qb6+ 28. c5 Qa7 29. Rxe5 dxe5 30. Qxe5 Rac8 31. Ne8+ Kh6 32. Qf4+ g5 33. Qf6+ Kh5 34. Ng7+ 1-0

[Event "Cochabamba op 6th"]
[Site "Cochabamba"]
[Date "2023.03.02"]
[Round "1"]
[White "Castro Velasco, Carlos Andres"]
[Black "Castillo Yujra, Miguel Angel"]
[Result "0-1"]
[WhiteElo "1276"]
[BlackElo "1902"]
[PlyCount "112"]
[EventDate "2023.03.02"]
[EventType "swiss"]
[EventRounds "7"]
[EventCountry "BOL"]
[SourceTitle "CBM 213 Extra"]
[Source "ChessBase"]
[SourceDate "2023.05.31"]
[SourceVersion "1"]
[SourceVersionDate "2023.05.31"]
[SourceQuality "1"]

1. e4 c5 2. Nf3 Nc6 3. Bd3 g6 4. 0-0 Bg7 5. Nc3 e6 6. h3 Nge7 7. Re1 0-0 8. Bf1 d5 9. exd5 exd5 10. d3 h6 11. Bf4 a6 12. Qd2 Kh7 13. Ne5 b5 14. g4 Bb7 15. Bg2 Nd4 16. h4 Ra7 17. h5 gxh5 18. gxh5 Nef5 19. Ne2 Qh4 20. Ng3 Nxg3 21. Bxg3 Qxh5 22. c3 Bxe5 23. Rxe5 Nf3+ 24. Bxf3 Qxf3 25. d4 Rg8 26. Rae1 cxd4 27. Qxd4 Raa8 28. R1e3 Qf6 29. Re7 Qxd4 30. cxd4 Bc8 31. Rxf7+ Rg7 32. Ree7 Rxf7 33. Rxf7+ Kg6 34. Rc7 Bf5 35. Rc6+ Kg5 36. f3 Bb1 37. a3 Ba2 38. Kf2 a5 39. Rb6 Bc4 40. Be5 h5 41. Kg3 h4+ 42. Kh3 Bf1+ 43. Kh2 Rc8 44. Rd6 Rc2+ 45. Kg1 Bc4 46. Bf6+ Kf4 47. Bxh4 Kxf3 48. Bd8 a4 49. Bb6 Rxb2 50. Bc5 Ke3 51. Rh6 Rb1+ 52. Kg2 Kd2 53. Kf3 b4 54. axb4 a3 55. Kf4 Kc3 56. Ke3 a2 0-1

[Event "BOL-ch U16"]
[Site "Cochabamba"]
[Date "2023.01.15"]
[Round "7"]
[White "Castro Velasco, Carlos Andres"]
[Black "Yucra Valdes, Diego Alonso"]
[Result "1-0"]
[WhiteElo "1172"]
[BlackElo "1493"]
[PlyCount "30"]
[EventDate "2023.01.13"]
[EventType "swiss"]
[EventRounds "7"]
[EventCountry "BOL"]
[SourceTitle "EXT 2024"]
[Source "ChessBase"]
[SourceDate "2023.10.10"]
[SourceVersion "1"]
[SourceVersionDate "2023.10.10"]
[SourceQuality "1"]

1. e4 e6 2. d4 d5 3. Nd2 c5 4. Ngf3 Nf6 5. e5 Nfd7 6. c3 Nc6 7. Bd3 Qb6 8. 0-0 cxd4 9. cxd4 Nxd4 10. Nxd4 Qxd4 11. Nf3 Qb6 12. Rb1 Be7 13. a3 0-0 14. Ng5 Bxg5 15. Bxg5 Nxe5 1-0

[Event "BOL-ch U16"]
[Site "Cochabamba"]
[Date "2023.01.13"]
[Round "1"]
[White "Romero Villarroel, Rodrigo Ever"]
[Black "Castro Velasco, Carlos Andres"]
[Result "1-0"]
[WhiteElo "1688"]
[BlackElo "1172"]
[PlyCount "63"]
[EventDate "2023.01.13"]
[EventType "swiss"]
[EventRounds "7"]
[EventCountry "BOL"]
[SourceTitle "EXT 2024"]
[Source "ChessBase"]
[SourceDate "2023.10.10"]
[SourceVersion "1"]
[SourceVersionDate "2023.10.10"]
[SourceQuality "1"]

1. d4 Nf6 2. Bf4 g6 3. Nc3 Bg7 4. e4 d5 5. Nb5 Na6 6. e5 Ng8 7. Nf3 Bg4 8. c4 c6 9. Nc3 Bxf3 10. Qxf3 dxc4 11. Bxc4 Nb4 12. 0-0 e6 13. Ne4 Bf8 14. Bg5 Qxd4 15. Nf6+ Nxf6 16. Qxf6 Qxc4 17. Qxh8 h5 18. Rac1 Qg4 19. Bh6 Ke7 20. Qf6+ Kd7 21. Qxf7+ Be7 22. Rfd1+ Nd5 23. Bg7 g5 24. Bf6 Re8 25. Bxe7 Rxe7 26. Qf8 h4 27. h3 Qh5 28. Qb8 g4 29. Qxb7+ Ke8 30. Qxc6+ Kf7 31. Rxd5 exd5 32. Qf6+ 1-0